<?xml version="1.0" encoding="UTF-8"?>
<record
    xmlns:xsi="http://www.w3.org/2001/XMLSchema-instance"
    xsi:schemaLocation="http://www.loc.gov/MARC21/slim http://www.loc.gov/standards/marcxml/schema/MARC21slim.xsd"
    xmlns="http://www.loc.gov/MARC21/slim">

  <leader>00383nam a2200145Ia 4500</leader>
  <controlfield tag="008">191201s2012    xx            000 0 und d</controlfield>
  <datafield tag="082" ind1=" " ind2=" ">
    <subfield code="a">629.892 NII</subfield>
  </datafield>
  <datafield tag="100" ind1=" " ind2=" ">
    <subfield code="a">NIKU, Saeed B</subfield>
  </datafield>
  <datafield tag="245" ind1=" " ind2="0">
    <subfield code="a">Introduction to Robotics Analysis, Control, Applications</subfield>
  </datafield>
  <datafield tag="250" ind1=" " ind2=" ">
    <subfield code="a">Rep</subfield>
  </datafield>
  <datafield tag="260" ind1=" " ind2=" ">
    <subfield code="a">N. Delhi</subfield>
    <subfield code="b">Wiley Dreautech India</subfield>
    <subfield code="c">2012</subfield>
  </datafield>
  <datafield tag="300" ind1=" " ind2=" ">
    <subfield code="a">466</subfield>
  </datafield>
  <datafield tag="650" ind1=" " ind2=" ">
    <subfield code="a">M.Tech (ME)</subfield>
  </datafield>
  <datafield tag="942" ind1=" " ind2=" ">
    <subfield code="2">ddc</subfield>
    <subfield code="c">BK</subfield>
  </datafield>
  <datafield tag="999" ind1=" " ind2=" ">
    <subfield code="c">5223</subfield>
    <subfield code="d">5223</subfield>
  </datafield>
  <datafield tag="952" ind1=" " ind2=" ">
    <subfield code="0">0</subfield>
    <subfield code="1">0</subfield>
    <subfield code="2">ddc</subfield>
    <subfield code="4">0</subfield>
    <subfield code="7">0</subfield>
    <subfield code="8">BTECHME</subfield>
    <subfield code="a">PIET</subfield>
    <subfield code="b">PIET</subfield>
    <subfield code="d">2012-04-26</subfield>
    <subfield code="e">IBH, New Delhi</subfield>
    <subfield code="g">429.00</subfield>
    <subfield code="k">599</subfield>
    <subfield code="l">0</subfield>
    <subfield code="o">629.892 NII</subfield>
    <subfield code="p">19230</subfield>
    <subfield code="r">2019-12-04 00:00:00</subfield>
    <subfield code="w">2012-04-24</subfield>
    <subfield code="y">BK</subfield>
  </datafield>
  <datafield tag="952" ind1=" " ind2=" ">
    <subfield code="0">0</subfield>
    <subfield code="1">0</subfield>
    <subfield code="2">ddc</subfield>
    <subfield code="4">0</subfield>
    <subfield code="7">0</subfield>
    <subfield code="8">BTECHME</subfield>
    <subfield code="a">PIET</subfield>
    <subfield code="b">PIET</subfield>
    <subfield code="d">2012-04-26</subfield>
    <subfield code="e">IBH, New Delhi</subfield>
    <subfield code="g">429.00</subfield>
    <subfield code="k">599</subfield>
    <subfield code="l">0</subfield>
    <subfield code="o">629.892 NII</subfield>
    <subfield code="p">19231</subfield>
    <subfield code="r">2019-12-04 00:00:00</subfield>
    <subfield code="w">2012-04-24</subfield>
    <subfield code="y">BK</subfield>
  </datafield>
  <datafield tag="952" ind1=" " ind2=" ">
    <subfield code="0">0</subfield>
    <subfield code="1">0</subfield>
    <subfield code="2">ddc</subfield>
    <subfield code="4">0</subfield>
    <subfield code="7">0</subfield>
    <subfield code="8">BTECHME</subfield>
    <subfield code="a">PIET</subfield>
    <subfield code="b">PIET</subfield>
    <subfield code="d">2012-04-26</subfield>
    <subfield code="e">IBH, New Delhi</subfield>
    <subfield code="g">429.00</subfield>
    <subfield code="k">599</subfield>
    <subfield code="l">0</subfield>
    <subfield code="o">629.892 NII</subfield>
    <subfield code="p">19232</subfield>
    <subfield code="r">2019-12-04 00:00:00</subfield>
    <subfield code="w">2012-04-24</subfield>
    <subfield code="y">BK</subfield>
  </datafield>
  <datafield tag="952" ind1=" " ind2=" ">
    <subfield code="0">0</subfield>
    <subfield code="1">0</subfield>
    <subfield code="2">ddc</subfield>
    <subfield code="4">0</subfield>
    <subfield code="7">0</subfield>
    <subfield code="8">BTECHME</subfield>
    <subfield code="a">PIET</subfield>
    <subfield code="b">PIET</subfield>
    <subfield code="d">2012-04-26</subfield>
    <subfield code="e">IBH, New Delhi</subfield>
    <subfield code="g">429.00</subfield>
    <subfield code="k">599</subfield>
    <subfield code="l">0</subfield>
    <subfield code="o">629.892 NII</subfield>
    <subfield code="p">19233</subfield>
    <subfield code="r">2019-12-04 00:00:00</subfield>
    <subfield code="w">2012-04-24</subfield>
    <subfield code="y">BK</subfield>
  </datafield>
  <datafield tag="952" ind1=" " ind2=" ">
    <subfield code="0">0</subfield>
    <subfield code="1">0</subfield>
    <subfield code="2">ddc</subfield>
    <subfield code="4">0</subfield>
    <subfield code="7">0</subfield>
    <subfield code="8">BTECHME</subfield>
    <subfield code="a">PIET</subfield>
    <subfield code="b">PIET</subfield>
    <subfield code="d">2012-04-26</subfield>
    <subfield code="e">IBH, New Delhi</subfield>
    <subfield code="g">429.00</subfield>
    <subfield code="k">599</subfield>
    <subfield code="l">0</subfield>
    <subfield code="o">629.892 NII</subfield>
    <subfield code="p">19234</subfield>
    <subfield code="r">2019-12-04 00:00:00</subfield>
    <subfield code="w">2012-04-24</subfield>
    <subfield code="y">BK</subfield>
  </datafield>
  <datafield tag="952" ind1=" " ind2=" ">
    <subfield code="0">0</subfield>
    <subfield code="1">0</subfield>
    <subfield code="2">ddc</subfield>
    <subfield code="4">0</subfield>
    <subfield code="7">0</subfield>
    <subfield code="8">BTECHME</subfield>
    <subfield code="a">PIET</subfield>
    <subfield code="b">PIET</subfield>
    <subfield code="d">2012-04-26</subfield>
    <subfield code="e">IBH, New Delhi</subfield>
    <subfield code="g">429.00</subfield>
    <subfield code="k">599</subfield>
    <subfield code="l">0</subfield>
    <subfield code="o">629.892 NII</subfield>
    <subfield code="p">19235</subfield>
    <subfield code="r">2020-06-06 00:00:00</subfield>
    <subfield code="w">2012-04-24</subfield>
    <subfield code="y">BK</subfield>
  </datafield>
  <datafield tag="952" ind1=" " ind2=" ">
    <subfield code="0">0</subfield>
    <subfield code="1">0</subfield>
    <subfield code="2">ddc</subfield>
    <subfield code="4">0</subfield>
    <subfield code="7">0</subfield>
    <subfield code="8">BTECHME</subfield>
    <subfield code="a">PIET</subfield>
    <subfield code="b">PIET</subfield>
    <subfield code="d">2012-04-26</subfield>
    <subfield code="e">IBH, New Delhi</subfield>
    <subfield code="g">429.00</subfield>
    <subfield code="k">599</subfield>
    <subfield code="l">1</subfield>
    <subfield code="o">629.892 NII</subfield>
    <subfield code="p">19236</subfield>
    <subfield code="r">2021-10-21 00:00:00</subfield>
    <subfield code="s">2021-07-27</subfield>
    <subfield code="w">2012-04-24</subfield>
    <subfield code="y">BK</subfield>
  </datafield>
</record>
